000 00377nam a2200169Ia 4500
001 27976
003 IN-NITTTR
005 20251114233347.0
008 251113s9999||||xx |||||||||||||| ||eng||
040 _beng
040 _cIN-NITTTR
041 _aeng
082 _a621.3 S23V
100 _aSharma, K. D.
245 0 _aVidhut engineering /
_cSharma, K. D.
942 _2ddc
_cBK
999 _c30604
_d30604